[Event "British Rapidplay Championship 2023"]
[Site "Mercure Bradford, Bankfield Hotel"]
[Date "2023.04.15"]
[Round "4.24"]
[White "Bastow, Mark A"]
[Black "McKay, Ruairidh"]
[Result "1-0"]
[TimeControl "All moves in 15 minutes plus 10 second increment per move from move 1"]
[WhiteElo "1739"]
[BlackElo "1460"]

1. d4 {[%clk 00:15:09]} {[%emt 00:00:09]} Nf6 {[%clk 00:15:18]} {[%emt
00:00:03]} 2. Nf3 {[%clk 00:15:10]} {[%emt 00:00:10]} g6 {[%clk 00:15:21]}
{[%emt 00:00:07]} 3. e3 {[%clk 00:14:04]} {[%emt 00:01:15]} d6 {[%clk
00:15:16]} {[%emt 00:00:15]} 4. c4 {[%clk 00:14:03]} {[%emt 00:00:10]} Bg7
{[%clk 00:15:19]} {[%emt 00:00:08]} 5. Nc3 {[%clk 00:14:11]} {[%emt 00:00:02]}
Nbd7 {[%clk 00:14:46]} {[%emt 00:00:43]} 6. Be2 {[%clk 00:14:04]} {[%emt
00:00:17]} a6 {[%clk 00:14:42]} {[%emt 00:00:14]} 7. O-O {[%clk 00:13:06]}
{[%emt 00:01:08]} c6 {[%clk 00:14:40]} {[%emt 00:00:13]} 8. b4 {[%clk
00:12:42]} {[%emt 00:00:33]} O-O {[%clk 00:14:39]} {[%emt 00:00:11]} 9. a4
{[%clk 00:12:17]} {[%emt 00:00:35]} b6 {[%clk 00:14:28]} {[%emt 00:00:21]} 10.
Qc2 {[%clk 00:12:16]} {[%emt 00:00:11]} Bb7 {[%clk 00:14:34]} {[%emt 00:00:04]}
11. Rd1 {[%clk 00:12:00]} {[%emt 00:00:27]} Qc7 {[%clk 00:14:34]} {[%emt
00:00:10]} 12. Bb2 {[%clk 00:11:12]} {[%emt 00:00:58]} c5 {[%clk 00:14:35]}
{[%emt 00:00:08]} 13. bxc5 {[%clk 00:10:20]} {[%emt 00:01:02]} bxc5 {[%clk
00:13:35]} {[%emt 00:01:11]} 14. d5 {[%clk 00:09:54]} {[%emt 00:00:35]} e6
{[%clk 00:12:16]} {[%emt 00:01:29]} 15. dxe6 {[%clk 00:08:37]} {[%emt
00:01:27]} fxe6 {[%clk 00:12:19]} {[%emt 00:00:06]} 16. Qd2 {[%clk 00:07:40]}
{[%emt 00:01:07]} d5 {[%clk 00:12:12]} {[%emt 00:00:17]} 17. Ng5 {[%clk
00:06:45]} {[%emt 00:01:05]} Rae8 {[%clk 00:09:51]} {[%emt 00:02:30]} 18. cxd5
{[%clk 00:05:42]} {[%emt 00:01:14]} exd5 {[%clk 00:09:04]} {[%emt 00:00:57]} 19.
Bf3 {[%clk 00:05:32]} {[%emt 00:00:20]} d4 {[%clk 00:04:19]} {[%emt 00:04:56]}
20. exd4 {[%clk 00:05:09]} {[%emt 00:00:33]} Bxf3 {[%clk 00:03:41]} {[%emt
00:00:48]} 21. Nxf3 {[%clk 00:05:13]} {[%emt 00:00:05]} cxd4 {[%clk 00:03:44]}
{[%emt 00:00:08]} 22. Qxd4 {[%clk 00:04:56]} {[%emt 00:00:27]} Rd8 {[%clk
00:03:09]} {[%emt 00:00:45]} 23. Nd5 {[%clk 00:02:14]} {[%emt 00:02:51]} Qc5
{[%clk 00:02:51]} {[%emt 00:00:28]} 24. Qxc5 {[%clk 00:02:04]} {[%emt
00:00:20]} Nxc5 {[%clk 00:03:00]} {[%emt 00:00:01]} 25. Nxf6+ {[%clk 00:01:56]}
{[%emt 00:00:18]} Bxf6 {[%clk 00:02:57]} {[%emt 00:00:13]} 26. Rxd8 {[%clk
00:01:22]} {[%emt 00:00:44]} Bxd8 {[%clk 00:02:54]} {[%emt 00:00:13]} 27. Ba3
{[%clk 00:01:26]} {[%emt 00:00:06]} Be7 {[%clk 00:02:41]} {[%emt 00:00:23]} 28.
Re1 {[%clk 00:01:31]} {[%emt 00:00:06]} Rf7 {[%clk 00:01:04]} {[%emt 00:01:47]}
29. Rxe7 {[%clk 00:01:27]} {[%emt 00:00:13]} Rxe7 {[%clk 00:01:10]} {[%emt
00:00:04]} 30. Bxc5 {[%clk 00:01:36]} {[%emt 00:00:02]} Rc7 {[%clk 00:00:53]}
{[%emt 00:00:25]} 31. Be3 {[%clk 00:01:37]} {[%emt 00:00:10]} Rc4 {[%clk
00:00:52]} {[%emt 00:00:12]} 32. a5 {[%clk 00:01:25]} {[%emt 00:00:22]} Kf7
{[%clk 00:00:43]} {[%emt 00:00:19]} 33. Kf1 {[%clk 00:01:19]} {[%emt 00:00:15]}
Ke6 {[%clk 00:00:49]} {[%emt 00:00:04]} 34. Ke2 {[%clk 00:01:27]} {[%emt
00:00:02]} Kd5 {[%clk 00:00:46]} {[%emt 00:00:14]} 35. Kd3 {[%clk 00:01:31]}
{[%emt 00:00:06]} Ra4 {[%clk 00:00:52]} {[%emt 00:00:04]} 36. Bb6 {[%clk
00:01:36]} {[%emt 00:00:04]} Ra3+ {[%clk 00:00:55]} {[%emt 00:00:08]} 37. Ke2
{[%clk 00:01:42]} {[%emt 00:00:04]} Ra2+ {[%clk 00:00:44]} {[%emt 00:00:21]} 38.
Nd2 {[%clk 00:01:47]} {[%emt 00:00:04]} Rc2 {[%clk 00:00:26]} {[%emt 00:00:28]}
39. Kd3 {[%clk 00:01:48]} {[%emt 00:00:09]} Rc1 {[%clk 00:00:25]} {[%emt
00:00:11]} 40. h4 {[%clk 00:01:54]} {[%emt 00:00:04]} Ra1 {[%clk 00:00:25]}
{[%emt 00:00:10]} 41. Nb3 {[%clk 00:01:46]} {[%emt 00:00:18]} Ra2 {[%clk
00:00:26]} {[%emt 00:00:10]} 42. Nc5 {[%clk 00:01:48]} {[%emt 00:00:08]} Ra3+
{[%clk 00:00:16]} {[%emt 00:00:19]} 43. Ke2 {[%clk 00:01:42]} {[%emt 00:00:16]}
Ra2+ {[%clk 00:00:25]} {[%emt 00:00:02]} 44. Kf3 {[%clk 00:01:48]} {[%emt
00:00:03]} Ra3+ {[%clk 00:00:33]} {[%emt 00:00:02]} 45. Kf4 {[%clk 00:01:55]}
{[%emt 00:00:03]} Rxa5 {[%clk 00:00:31]} {[%emt 00:00:12]} 46. Bxa5 {[%clk
00:02:04]} {[%emt 00:00:01]} Kxc5 {[%clk 00:00:40]} 47. Kg5 {[%clk 00:02:12]}
{[%emt 00:00:02]} 1-0

[Event "British Rapidplay Championship 2023"]
[Site "Mercure Bradford, Bankfield Hotel"]
[Date "2023.04.15"]
[Round "4.29"]
[White "Graff, Ben"]
[Black "Ezzo, Talal"]
[Result "1-0"]
[TimeControl "All moves in 15 minutes plus 10 second increment per move from move 1"]
[WhiteElo "1658"]
[BlackElo "1637"]

1. e4 {[%clk 00:15:19]} {[%emt 00:00:01]} e6 {[%clk 00:15:18]} {[%emt
00:00:02]} 2. d4 {[%clk 00:15:27]} {[%emt 00:00:02]} d5 {[%clk 00:15:27]} 3.
exd5 {[%clk 00:15:36]} {[%emt 00:00:02]} exd5 {[%clk 00:15:35]} {[%emt
00:00:02]} 4. Bd3 {[%clk 00:15:43]} {[%emt 00:00:03]} Nf6 {[%clk 00:15:41]}
{[%emt 00:00:04]} 5. Ne2 {[%clk 00:15:49]} {[%emt 00:00:04]} Bd6 {[%clk
00:15:43]} {[%emt 00:00:08]} 6. Bf4 {[%clk 00:15:52]} {[%emt 00:00:06]} Be6
{[%clk 00:15:36]} {[%emt 00:00:17]} 7. O-O {[%clk 00:15:44]} {[%emt 00:00:18]}
h6 {[%clk 00:15:26]} {[%emt 00:00:20]} 8. Re1 {[%clk 00:15:37]} {[%emt
00:00:17]} Qd7 {[%clk 00:15:25]} {[%emt 00:00:11]} 9. c3 {[%clk 00:15:23]}
{[%emt 00:00:24]} Nc6 {[%clk 00:15:28]} {[%emt 00:00:08]} 10. Nd2 {[%clk
00:14:48]} {[%emt 00:00:44]} O-O {[%clk 00:15:18]} {[%emt 00:00:20]} 11. Qc2
{[%clk 00:14:17]} {[%emt 00:00:42]} Rfe8 {[%clk 00:15:05]} {[%emt 00:00:23]} 12.
Nf3 {[%clk 00:13:57]} {[%emt 00:00:29]} Nh5 {[%clk 00:14:41]} {[%emt 00:00:34]}
13. Bxd6 {[%clk 00:13:50]} {[%emt 00:00:16]} Qxd6 {[%clk 00:14:48]} {[%emt
00:00:04]} 14. Bf5 {[%clk 00:12:04]} {[%emt 00:01:55]} Nf6 {[%clk 00:13:38]}
{[%emt 00:01:21]} 15. Ng3 {[%clk 00:11:41]} {[%emt 00:00:33]} Nd7 {[%clk
00:12:12]} {[%emt 00:01:36]} 16. Re3 {[%clk 00:10:53]} {[%emt 00:00:57]} Bxf5
{[%clk 00:11:41]} {[%emt 00:00:42]} 17. Qxf5 {[%clk 00:09:16]} {[%emt
00:01:47]} Rxe3 {[%clk 00:11:24]} {[%emt 00:00:27]} 18. fxe3 {[%clk 00:09:23]}
{[%emt 00:00:03]} Re8 {[%clk 00:11:10]} {[%emt 00:00:24]} 19. e4 {[%clk
00:09:07]} {[%emt 00:00:26]} dxe4 {[%clk 00:09:52]} {[%emt 00:01:29]} 20. Nxe4
{[%clk 00:08:55]} {[%emt 00:00:23]} Qe6 {[%clk 00:09:19]} {[%emt 00:00:42]} 21.
Qxe6 {[%emt 00:00:26]} fxe6 {[%clk 00:09:12]} {[%emt 00:00:12]} 22. Re1 {[%clk
00:08:08]} {[%emt 00:00:46]} Kf7 {[%clk 00:09:03]} {[%emt 00:00:19]} 23. Re2
{[%clk 00:06:25]} {[%emt 00:01:53]} b6 {[%clk 00:07:51]} {[%emt 00:01:23]} 24.
Rf2 {[%clk 00:06:09]} {[%emt 00:00:25]} Ke7 {[%clk 00:07:21]} {[%emt 00:00:41]}
25. Nh4 {[%clk 00:05:45]} {[%emt 00:00:32]} Nf8 {[%clk 00:05:55]} {[%emt
00:01:37]} 26. Re2 {[%clk 00:05:19]} {[%emt 00:00:36]} g5 {[%clk 00:05:51]}
{[%emt 00:00:15]} 27. Nf3 {[%clk 00:05:16]} {[%emt 00:00:11]} Kf7 {[%clk
00:04:47]} {[%emt 00:01:15]} 28. Rf2 {[%clk 00:04:47]} {[%emt 00:00:38]} Kg7
{[%clk 00:04:26]} {[%emt 00:00:32]} 29. Nfd2 {[%clk 00:04:29]} {[%emt
00:00:27]} Ng6 {[%clk 00:04:06]} {[%emt 00:00:31]} 30. Nf6 {[%clk 00:03:53]}
{[%emt 00:00:45]} Rf8 {[%clk 00:03:40]} {[%emt 00:00:37]} 31. Nh5+ {[%clk
00:03:49]} {[%emt 00:00:14]} Kh7 {[%clk 00:03:43]} {[%emt 00:00:07]} 32. Rxf8
{[%clk 00:03:45]} {[%emt 00:00:14]} Nxf8 {[%clk 00:03:51]} {[%emt 00:00:02]} 33.
Nf6+ {[%clk 00:03:46]} {[%emt 00:00:08]} Kg6 {[%clk 00:03:44]} {[%emt
00:00:18]} 34. Ne8 {[%clk 00:03:52]} {[%emt 00:00:04]} Kf5 {[%clk 00:03:14]}
{[%emt 00:00:40]} 35. Nxc7 {[%clk 00:03:58]} {[%emt 00:00:05]} Nd7 {[%clk
00:03:10]} {[%emt 00:00:14]} 36. Nc4 {[%clk 00:03:49]} {[%emt 00:00:17]} Kf4
{[%clk 00:02:32]} {[%emt 00:00:50]} 37. Nxe6+ {[%clk 00:03:53]} {[%emt
00:00:05]} Kf5 {[%clk 00:02:42]} {[%emt 00:00:55]} 38. Nc7 {[%clk 00:04:10]}
{[%emt 00:01:03]} b5 {[%clk 00:02:31]} {[%emt 00:00:22]} 39. Nxb5 {[%clk
00:04:12]} {[%emt 00:00:06]} a6 {[%clk 00:02:38]} {[%emt 00:00:03]} 40. Nbd6+
{[%clk 00:04:06]} {[%emt 00:00:16]} Kf4 {[%clk 00:02:45]} {[%emt 00:00:03]} 41.
Kf2 {[%clk 00:04:08]} {[%emt 00:00:08]} Nf6 {[%clk 00:02:54]} {[%emt 00:00:01]}
42. g3+ {[%clk 00:04:04]} {[%emt 00:00:14]} Kg4 {[%clk 00:03:01]} {[%emt
00:00:03]} 43. Kg2 {[%clk 00:04:01]} {[%emt 00:00:13]} h5 {[%clk 00:03:06]}
{[%emt 00:00:05]} 44. Ne3# {[%clk 00:04:04]} {[%emt 00:00:06]} 1-0

[Event "British Rapidplay Championship 2023"]
[Site "Mercure Bradford, Bankfield Hotel"]
[Date "2023.04.15"]
[Round "4.30"]
[White "Weldon, James"]
[Black "Wainwright, Charlie"]
[Result "1/2-1/2"]
[TimeControl "All moves in 15 minutes plus 10 second increment per move from move 1"]
[WhiteElo "1455"]
[BlackElo "1329"]

1. e4 {[%clk 00:15:18]} {[%emt 00:00:02]} e6 {[%clk 00:15:19]} {[%emt
00:00:02]} 2. d4 {[%clk 00:15:19]} {[%emt 00:00:09]} d5 {[%clk 00:15:13]}
{[%emt 00:00:16]} 3. e5 {[%clk 00:15:27]} {[%emt 00:00:02]} c5 {[%clk
00:15:10]} {[%emt 00:00:13]} 4. Nf3 {[%clk 00:15:16]} {[%emt 00:00:20]} Nc6
{[%clk 00:15:04]} {[%emt 00:00:16]} 5. Bb5 {[%clk 00:15:20]} {[%emt 00:00:07]}
Bd7 {[%clk 00:14:55]} {[%emt 00:00:18]} 6. Bxc6 {[%clk 00:15:25]} {[%emt
00:00:05]} bxc6 {[%clk 00:14:51]} {[%emt 00:00:14]} 7. c3 {[%clk 00:15:33]}
{[%emt 00:00:04]} cxd4 {[%clk 00:14:54]} {[%emt 00:00:06]} 8. cxd4 {[%clk
00:15:32]} {[%emt 00:00:11]} Bb4+ {[%clk 00:14:44]} {[%emt 00:00:19]} 9. Nc3
{[%clk 00:15:40]} {[%emt 00:00:03]} c5 {[%clk 00:14:27]} {[%emt 00:00:27]} 10.
a3 {[%clk 00:15:46]} {[%emt 00:00:03]} Bxc3+ {[%clk 00:13:59]} {[%emt
00:00:38]} 11. bxc3 {[%clk 00:15:55]} {[%emt 00:00:02]} c4 {[%clk 00:14:05]}
{[%emt 00:00:04]} 12. Bg5 {[%clk 00:15:55]} {[%emt 00:00:10]} Ne7 {[%clk
00:13:55]} {[%emt 00:00:19]} 13. Qd2 {[%clk 00:15:29]} {[%emt 00:00:36]} O-O
{[%clk 00:13:53]} {[%emt 00:00:13]} 14. g4 {[%clk 00:15:03]} {[%emt 00:00:36]}
Re8 {[%clk 00:13:53]} {[%emt 00:00:10]} 15. Bh6 {[%clk 00:15:09]} {[%emt
00:00:03]} Ng6 {[%clk 00:12:28]} {[%emt 00:01:36]} 16. Bg5 {[%clk 00:15:00]}
{[%emt 00:00:19]} Qa5 {[%clk 00:12:29]} {[%emt 00:00:07]} 17. h4 {[%clk
00:14:52]} {[%emt 00:00:20]} h6 {[%clk 00:12:09]} {[%emt 00:00:30]} 18. Be3
{[%clk 00:14:15]} {[%emt 00:00:47]} Rab8 {[%clk 00:11:40]} {[%emt 00:00:39]} 19.
h5 {[%clk 00:14:21]} {[%emt 00:00:03]} Ne7 {[%clk 00:11:37]} {[%emt 00:00:13]}
20. Bxh6 {[%clk 00:14:27]} {[%emt 00:00:04]} gxh6 {[%clk 00:11:42]} {[%emt
00:00:05]} 21. O-O {[%clk 00:14:32]} {[%emt 00:00:05]} Kh7 {[%clk 00:11:42]}
{[%emt 00:00:10]} 22. g5 {[%clk 00:14:41]} {[%emt 00:00:02]} Rg8 {[%clk
00:11:23]} {[%emt 00:00:29]} 23. Qc2+ {[%clk 00:14:48]} {[%emt 00:00:03]} Nf5
{[%clk 00:11:21]} {[%emt 00:00:12]} 1/2-1/2

[Event "British Rapidplay Championship 2023"]
[Site "Mercure Bradford, Bankfield Hotel"]
[Date "2023.04.15"]
[Round "4.32"]
[White "Parr, Thomas"]
[Black "Bowmer, James"]
[Result "1/2-1/2"]
[TimeControl "All moves in 15 minutes plus 10 second increment per move from move 1"]
[WhiteElo "1324"]
[BlackElo "1531"]

1. d4 {[%clk 00:15:17]} {[%emt 00:00:02]} d5 {[%clk 00:15:18]} {[%emt
00:00:02]} 2. c4 {[%clk 00:15:26]} {[%emt 00:00:02]} e6 {[%clk 00:15:27]}
{[%emt 00:00:02]} 3. Nf3 {[%clk 00:15:34]} {[%emt 00:00:01]} Nf6 {[%clk
00:15:33]} {[%emt 00:00:05]} 4. g3 {[%clk 00:15:42]} {[%emt 00:00:01]} c5
{[%clk 00:15:24]} {[%emt 00:00:19]} 5. e3 {[%clk 00:15:33]} {[%emt 00:00:19]}
cxd4 {[%clk 00:15:26]} {[%emt 00:00:08]} 6. exd4 {[%clk 00:15:40]} {[%emt
00:00:03]} Nc6 {[%clk 00:15:08]} {[%emt 00:00:27]} 7. Bg2 {[%clk 00:15:46]}
{[%emt 00:00:05]} Be7 {[%clk 00:14:47]} {[%emt 00:00:31]} 8. O-O {[%clk
00:15:52]} {[%emt 00:00:03]} O-O {[%clk 00:14:54]} {[%emt 00:00:04]} 9. cxd5
{[%clk 00:15:40]} {[%emt 00:00:23]} Nxd5 {[%clk 00:14:37]} {[%emt 00:00:26]} 10.
Nc3 {[%clk 00:15:41]} {[%emt 00:00:09]} Re8 {[%clk 00:14:24]} {[%emt 00:00:23]}
11. Ne5 {[%clk 00:14:59]} {[%emt 00:00:53]} Nxe5 {[%clk 00:14:20]} {[%emt
00:00:13]} 12. dxe5 {[%clk 00:15:05]} {[%emt 00:00:03]} Nxc3 {[%clk 00:14:20]}
{[%emt 00:00:11]} 13. bxc3 {[%clk 00:15:04]} {[%emt 00:00:11]} f6 {[%clk
00:12:49]} {[%emt 00:01:41]} 14. f4 {[%clk 00:14:19]} {[%emt 00:00:55]} Qxd1
{[%clk 00:11:09]} {[%emt 00:01:50]} 15. Rxd1 {[%clk 00:14:27]} {[%emt
00:00:01]} fxe5 {[%clk 00:10:56]} {[%emt 00:00:24]} 16. fxe5 {[%clk 00:14:32]}
{[%emt 00:00:05]} Rb8 {[%clk 00:10:47]} {[%emt 00:00:19]} 17. Be3 {[%clk
00:14:28]} {[%emt 00:00:14]} b6 {[%clk 00:10:45]} {[%emt 00:00:12]} 18. Be4
{[%clk 00:13:32]} {[%emt 00:01:06]} Bb7 {[%clk 00:10:22]} {[%emt 00:00:33]} 19.
Bxb7 {[%clk 00:13:12]} {[%emt 00:00:30]} Rxb7 {[%clk 00:10:29]} {[%emt
00:00:03]} 20. Rd3 {[%clk 00:13:18]} {[%emt 00:00:04]} Rc7 {[%clk 00:08:05]}
{[%emt 00:02:34]} 21. Rad1 {[%clk 00:12:42]} {[%emt 00:00:46]} Bc5 {[%clk
00:07:23]} {[%emt 00:00:52]} 22. Bxc5 {[%clk 00:11:36]} {[%emt 00:01:16]} Rxc5
{[%clk 00:07:30]} {[%emt 00:00:03]} 23. Rd7 {[%clk 00:11:35]} {[%emt 00:00:12]}
Rxe5 {[%clk 00:07:19]} {[%emt 00:00:20]} 24. Rxa7 {[%clk 00:11:40]} {[%emt
00:00:05]} Rc8 {[%clk 00:07:11]} {[%emt 00:00:18]} 25. Rb7 {[%clk 00:11:31]}
{[%emt 00:00:19]} Re2 {[%clk 00:05:43]} {[%emt 00:01:38]} 26. a4 {[%clk
00:10:45]} {[%emt 00:00:56]} Re4 {[%clk 00:05:22]} {[%emt 00:00:31]} 27. Rxb6
{[%clk 00:10:35]} {[%emt 00:00:20]} Rxa4 {[%clk 00:05:23]} {[%emt 00:00:09]} 28.
Rxe6 {[%clk 00:10:41]} {[%emt 00:00:04]} Rxc3 {[%clk 00:04:35]} {[%emt
00:00:58]} 29. Re7 {[%clk 00:10:36]} {[%emt 00:00:15]} Ra8 {[%clk 00:04:24]}
{[%emt 00:00:21]} 30. Rdd7 {[%clk 00:10:20]} {[%emt 00:00:26]} Rc2 {[%clk
00:03:15]} {[%emt 00:01:18]} 31. Rxg7+ {[%clk 00:10:06]} {[%emt 00:00:24]} Kf8
{[%clk 00:03:15]} {[%emt 00:00:10]} 32. Rdf7+ {[%clk 00:08:36]} {[%emt
00:01:40]} Ke8 {[%clk 00:03:21]} {[%emt 00:00:04]} 33. Rg8+ {[%clk 00:08:43]}
{[%emt 00:00:04]} Kxf7 {[%clk 00:03:29]} {[%emt 00:00:02]} 34. Rxa8 {[%clk
00:08:51]} {[%emt 00:00:02]} Kg6 {[%clk 00:03:08]} {[%emt 00:00:30]} 35. Ra5
{[%clk 00:08:41]} {[%emt 00:00:20]} Rd2 {[%clk 00:03:08]} {[%emt 00:00:10]} 36.
Ra4 {[%clk 00:08:05]} {[%emt 00:00:47]} Rc2 {[%clk 00:03:15]} {[%emt 00:00:03]}
37. Rf4 {[%clk 00:08:11]} {[%emt 00:00:04]} Re2 {[%clk 00:03:05]} {[%emt
00:00:19]} 38. Rf2 {[%clk 00:08:13]} {[%emt 00:00:09]} Re4 {[%clk 00:02:55]}
{[%emt 00:00:20]} 39. Kg2 {[%clk 00:08:14]} {[%emt 00:00:08]} Kg5 {[%clk
00:02:47]} {[%emt 00:00:18]} 40. h4+ {[%clk 00:07:16]} {[%emt 00:01:08]} Kg4
{[%clk 00:02:39]} {[%emt 00:00:18]} 41. Rf7 {[%clk 00:06:46]} {[%emt 00:00:41]}
Re2+ {[%clk 00:02:12]} {[%emt 00:00:37]} 42. Kf1 {[%clk 00:06:37]} {[%emt
00:00:18]} Re3 {[%clk 00:02:09]} {[%emt 00:00:13]} 43. Rxh7 {[%clk 00:06:38]}
{[%emt 00:00:10]} Rxg3 {[%clk 00:02:03]} {[%emt 00:00:17]} 44. Rg7+ {[%clk
00:06:45]} {[%emt 00:00:02]} Kxh4 {[%clk 00:02:11]} {[%emt 00:00:02]} 1/2-1/2

[Event "British Rapidplay Championship 2023"]
[Site "Mercure Bradford, Bankfield Hotel"]
[Date "2023.04.15"]
[Round "4.33"]
[White "Smith, Jacob"]
[Black "Singh, Adamjeet"]
[Result "1/2-1/2"]
[TimeControl "All moves in 15 minutes plus 10 second increment per move from move 1"]
[WhiteElo "1513"]
[BlackElo "1213"]

1. e4 {[%clk 00:15:16]} {[%emt 00:00:03]} c5 {[%clk 00:15:18]} {[%emt
00:00:03]} 2. Nf3 {[%clk 00:15:23]} {[%emt 00:00:03]} d6 {[%clk 00:15:26]}
{[%emt 00:00:02]} 3. c3 {[%clk 00:15:29]} {[%emt 00:00:04]} Nc6 {[%clk
00:15:33]} {[%emt 00:00:03]} 4. d4 {[%clk 00:15:00]} {[%emt 00:00:39]} cxd4
{[%clk 00:15:40]} {[%emt 00:00:03]} 5. cxd4 {[%clk 00:15:00]} {[%emt 00:00:10]}
Bg4 {[%clk 00:15:48]} {[%emt 00:00:02]} 6. Be2 {[%clk 00:14:50]} {[%emt
00:00:20]} Nf6 {[%clk 00:15:50]} {[%emt 00:00:08]} 7. Nc3 {[%clk 00:14:36]}
{[%emt 00:00:25]} e6 {[%clk 00:15:45]} {[%emt 00:00:14]} 8. O-O {[%clk
00:14:38]} {[%emt 00:00:08]} Be7 {[%clk 00:15:53]} {[%emt 00:00:02]} 9. h3
{[%clk 00:14:29]} {[%emt 00:00:20]} Bh5 {[%clk 00:15:56]} {[%emt 00:00:05]} 10.
b3 {[%clk 00:13:52]} {[%emt 00:00:48]} Bg6 {[%clk 00:15:50]} {[%emt 00:00:15]}
11. e5 {[%clk 00:12:39]} {[%emt 00:01:24]} Ne4 {[%clk 00:15:45]} {[%emt
00:00:15]} 12. Nxe4 {[%clk 00:12:26]} {[%emt 00:00:23]} Bxe4 {[%clk 00:15:50]}
{[%emt 00:00:04]} 13. Bb2 {[%clk 00:12:14]} {[%emt 00:00:23]} d5 {[%clk
00:15:58]} {[%emt 00:00:03]} 14. Bd3 {[%clk 00:12:20]} {[%emt 00:00:03]} Bxd3
{[%clk 00:15:59]} {[%emt 00:00:07]} 15. Qxd3 {[%clk 00:12:29]} {[%emt
00:00:03]} O-O {[%clk 00:16:01]} {[%emt 00:00:07]} 16. Rac1 {[%clk 00:12:35]}
{[%emt 00:00:05]} Nb4 {[%clk 00:16:08]} {[%emt 00:00:03]} 17. Qb1 {[%clk
00:12:37]} {[%emt 00:00:08]} Qa5 {[%clk 00:15:56]} {[%emt 00:00:22]} 18. a3
{[%clk 00:12:30]} {[%emt 00:00:18]} Nc6 {[%clk 00:15:59]} {[%emt 00:00:06]} 19.
b4 {[%clk 00:12:35]} {[%emt 00:00:05]} Qb6 {[%clk 00:15:49]} {[%emt 00:00:19]}
20. Qd3 {[%clk 00:11:18]} {[%emt 00:01:28]} Rfd8 {[%clk 00:14:41]} {[%emt
00:01:18]} 21. Rc2 {[%clk 00:11:13]} {[%emt 00:00:15]} Bxb4 {[%clk 00:14:03]}
{[%emt 00:00:47]} 22. Ng5 {[%clk 00:08:37]} {[%emt 00:02:47]} g6 {[%clk
00:13:58]} {[%emt 00:00:15]} 23. Qf3 {[%clk 00:08:43]} {[%emt 00:00:03]} Rf8
{[%clk 00:13:46]} {[%emt 00:00:23]} 24. Rxc6 {[%clk 00:07:33]} {[%emt
00:01:20]} bxc6 {[%clk 00:13:47]} {[%emt 00:00:08]} 25. axb4 {[%clk 00:07:42]}
{[%emt 00:00:03]} Qxb4 {[%clk 00:13:43]} {[%emt 00:00:12]} 26. Ba3 {[%clk
00:07:51]} {[%emt 00:00:03]} Qxd4 {[%clk 00:13:41]} {[%emt 00:00:10]} 27. Bxf8
{[%clk 00:07:54]} {[%emt 00:00:07]} Rxf8 {[%clk 00:13:43]} {[%emt 00:00:08]} 28.
Qe2 {[%clk 00:05:33]} {[%emt 00:02:32]} c5 {[%clk 00:13:07]} {[%emt 00:00:47]}
29. Rd1 {[%clk 00:05:24]} {[%emt 00:00:18]} Qf4 {[%clk 00:12:57]} {[%emt
00:00:18]} 30. Nf3 {[%clk 00:05:19]} {[%emt 00:00:16]} Qb4 {[%clk 00:12:21]}
{[%emt 00:00:45]} 31. Qc2 {[%clk 00:05:07]} {[%emt 00:00:23]} Rb8 {[%clk
00:11:35]} {[%emt 00:00:56]} 32. h4 {[%clk 00:05:01]} {[%emt 00:00:16]} c4
{[%clk 00:11:20]} {[%emt 00:00:24]} 33. Nd4 {[%clk 00:04:10]} {[%emt 00:01:01]}
Qb2 {[%clk 00:10:26]} {[%emt 00:01:04]} 34. Qxb2 {[%clk 00:03:50]} {[%emt
00:00:32]} Rxb2 {[%clk 00:10:31]} {[%emt 00:00:03]} 35. Ra1 {[%clk 00:03:59]}
{[%emt 00:00:02]} c3 {[%clk 00:10:25]} {[%emt 00:00:16]} 36. Rc1 {[%clk
00:02:50]} {[%emt 00:01:19]} Rd2 {[%clk 00:10:24]} {[%emt 00:00:10]} 37. Nb3
{[%clk 00:02:58]} {[%emt 00:00:03]} Rd3 {[%clk 00:09:51]} {[%emt 00:00:42]} 38.
Kf1 {[%clk 00:02:48]} {[%emt 00:00:21]} c2 {[%clk 00:09:45]} {[%emt 00:00:16]}
39. Rxc2 {[%clk 00:01:16]} {[%emt 00:01:42]} Rxb3 {[%clk 00:09:52]} {[%emt
00:00:02]} 40. Ra2 {[%clk 00:01:25]} {[%emt 00:00:02]} Rb7 {[%clk 00:09:56]}
{[%emt 00:00:06]} 41. Ke2 {[%emt 00:00:04]} Kg7 {[%clk 00:10:00]} {[%emt
00:00:04]} 42. g4 {[%clk 00:01:36]} {[%emt 00:00:07]} f6 {[%clk 00:10:06]}
{[%emt 00:00:04]} 43. Ra6 {[%clk 00:00:45]} {[%emt 00:01:01]} Kf7 {[%clk
00:09:43]} {[%emt 00:00:32]} 44. exf6 {[%clk 00:00:53]} {[%emt 00:00:03]} Kxf6
{[%clk 00:09:49]} {[%emt 00:00:04]} 45. f4 {[%clk 00:00:56]} {[%emt 00:00:07]}
h6 {[%clk 00:09:23]} {[%emt 00:00:35]} 46. Ke3 {[%clk 00:00:56]} {[%emt
00:00:11]} Rb3+ {[%clk 00:09:23]} {[%emt 00:00:10]} 47. Kf2 {[%clk 00:00:35]}
{[%emt 00:00:30]} Rb7 {[%clk 00:09:03]} {[%emt 00:00:30]} 48. Kf3 {[%clk
00:00:34]} {[%emt 00:00:13]} Rb3+ {[%clk 00:09:11]} {[%emt 00:00:02]} 49. Kg2
{[%clk 00:00:28]} {[%emt 00:00:15]} Rb7 {[%clk 00:09:15]} {[%emt 00:00:06]} 50.
Kf3 {[%clk 00:00:37]} {[%emt 00:00:01]} 1/2-1/2